| 000 | 00412nam a2200145Ia 4500 | ||
|---|---|---|---|
| 008 | 211122s9999||||xx |||||||||||||| ||und|| | ||
| 082 |
_a894.8123 _bRAM-S |
||
| 100 | _aRamakrishnan, T D | ||
| 245 | 0 | _aSirajunnisa | |
| 260 |
_bD C Books _aKottayam _c2016 |
||
| 300 | _a88p. | ||
| 630 | _xGeneral Stack | ||
| 650 |
_aMalayalam Literature _vMalayalam FictionMalayalam NovelsShort StoriesMalayalam |
||
| 942 | _cBOOK | ||
| 999 |
_c124258 _d124258 |
||